Performance Measurement for Construction Profitability / (Record no. 2876)
[ view plain ]
| 000 -LEADER | |
|---|---|
| fixed length control field | 01059nac a22002411u 4500 |
| 008 - FIXED-LENGTH DATA ELEMENTS--GENERAL INFORMATION | |
| fixed length control field | 100905t xxu||||| |||| 00| 0 eng d |
| 010 ## - LIBRARY OF CONGRESS CONTROL NUMBER | |
| LC control number | 2003014052 |
| 020 ## - INTERNATIONAL STANDARD BOOK NUMBER | |
| International Standard Book Number | 1405114622 (pbk. : alk. paper) |
| 082 00 - DEWEY DECIMAL CLASSIFICATION NUMBER | |
| Classification number | 624.0068 |
| Item number | CAI |
| 100 ## - MAIN ENTRY--PERSONAL NAME | |
| Personal name | Cain, Clive Thomas. |
| 9 (RLIN) | 17875 |
| 245 10 - TITLE STATEMENT | |
| Title | Performance Measurement for Construction Profitability / |
| Statement of responsibility, etc | Clive Thomas Cain. |
| 260 ## - PUBLICATION, DISTRIBUTION, ETC. (IMPRINT) | |
| Place of publication, distribution, etc | Malden, MA : |
| Name of publisher, distributor, etc | Blackwell Pub., |
| Date of publication, distribution, etc | 2004. |
| 300 ## - PHYSICAL DESCRIPTION | |
| Extent | x, 214 p. : |
| Other physical details | ill. ; |
| Dimensions | 25 cm. |
| 500 ## - GENERAL NOTE | |
| General note | Companion volume to Building down barriers. New York : Spon Press, 2003. |
| 500 ## - GENERAL NOTE | |
| General note | Includes index. |
| 650 #0 - SUBJECT ADDED ENTRY--TOPICAL TERM | |
| Topical term or geographic name as entry element | Building |
| General subdivision | Quality control. |
| 9 (RLIN) | 17876 |
| 650 #0 - SUBJECT ADDED ENTRY--TOPICAL TERM | |
| Topical term or geographic name as entry element | Building |
| General subdivision | Superintendence. |
| 9 (RLIN) | 17877 |
| 650 #0 - SUBJECT ADDED ENTRY--TOPICAL TERM | |
| Topical term or geographic name as entry element | Construction industry. |
| 9 (RLIN) | 17878 |
| 700 1# - ADDED ENTRY--PERSONAL NAME | |
| Personal name | Cain, Clive Thomas. |
| 9 (RLIN) | 17879 |
| 856 41 - ELECTRONIC LOCATION AND ACCESS | |
| Materials specified | Table of contents |
| Uniform Resource Identifier | <a href="http://www.loc.gov/catdir/toc/ecip045/2003014052.html">http://www.loc.gov/catdir/toc/ecip045/2003014052.html</a> |
| 942 ## - ADDED ENTRY ELEMENTS (KOHA) | |
| Item type | Book - Borrowing |
| Call number prefix | 624.0068CAI |
| Source of classification or shelving scheme | Dewey Decimal Classification |
| Withdrawn status | Item status | Source of classification or shelving scheme | Damaged status | Not for loan | Vendor | Home library | Current library | Shelving location | Date acquired | Source of acquisition | Total Checkouts | Full call number | Barcode | Date last seen | Koha item type |
|---|---|---|---|---|---|---|---|---|---|---|---|---|---|---|---|
| Dewey Decimal Classification | Central Library | Central Library | First floor | 05/09/2010 | 624.0068 CAI | 000001351 | 15/07/2025 | Book - Borrowing |